Private investment and endogenous growth evidence from Cameroon

Enregistré dans:
Détails bibliographiques
Auteur principal: Ghura, Dhaneshwar
Format: Livre
Langue:anglais
Publié: Washington International Monetary Fund 1997
Collection:IMF Working Paper WP/97/165
Sujets:
Tags: Ajouter un tag
Pas de tags, Soyez le premier à ajouter un tag!

MARC

LEADER 00000nam a2200000 4500
001 c100623
005 20221124074900.8
041 0 |a eng 
044 |a US 
245 1 0 |a Private investment and endogenous growth  |b evidence from Cameroon  |c Dhaneshwar Ghura 
264 1 |a Washington  |b International Monetary Fund  |c 1997 
300 |a 31 s. 
490 1 |a IMF Working Paper  |v WP/97/165 
830 0 |a IMF Working Paper  |v WP/97/165 
610 2 0 |a investície 
610 2 0 |a investície rozvojové 
610 2 0 |a rast hospodársky 
610 2 0 |a rozvoj hospodársky 
610 2 0 |a rozvoj sociálno-ekonomický 
610 2 0 |a rozvoj sociálny 
610 2 0 |a bohatstvo prírodné 
610 2 0 |a Kamerun 
100 1 |a Ghura, Dhaneshwar